Pattern recognition algorithms for data mining : (Record no. 190235)
[ view plain ]
| 000 -LEADER | |
|---|---|
| fixed length control field | 00806nam a2200229Ia 4500 |
| 005 - DATE AND TIME OF LATEST TRANSACTION | |
| control field | 20220704105702.0 |
| 008 - FIXED-LENGTH DATA ELEMENTS--GENERAL INFORMATION | |
| fixed length control field | 210716s2004 xx 000 0 und d |
| 020 ## - INTERNATIONAL STANDARD BOOK NUMBER | |
| International Standard Book Number | 1584884576 |
| 040 ## - CATALOGING SOURCE | |
| Transcribing agency | AIMIT LIBRARY |
| 041 ## - LANGUAGE CODE | |
| Language code of text/sound track or separate title | eng |
| 082 ## - DEWEY DECIMAL CLASSIFICATION NUMBER | |
| Classification number | 005.762 |
| Edition number | 1 |
| Item number | PALS |
| 100 ## - MAIN ENTRY--PERSONAL NAME | |
| Personal name | Pal, Sankar k. |
| 9 (RLIN) | 46840 |
| 245 ## - TITLE STATEMENT | |
| Title | Pattern recognition algorithms for data mining : |
| Remainder of title | scalability knowledge discovery and soft granular computing / |
| Statement of responsibility, etc. | By Sankar K Pal and Pabitra Mitra. |
| 250 ## - EDITION STATEMENT | |
| Edition statement | 1st ed. |
| 260 ## - PUBLICATION, DISTRIBUTION, ETC. | |
| Place of publication, distribution, etc. | New York : |
| Name of publisher, distributor, etc. | Chapman & Hall/CRC , |
| Date of publication, distribution, etc. | 2004. |
| 300 ## - PHYSICAL DESCRIPTION | |
| Extent | xxix, 244P. ; |
| Dimensions | 22 cm. |
| 650 ## - SUBJECT ADDED ENTRY--TOPICAL TERM | |
| Topical term or geographic name entry element | Multiscale data condensation |
| 9 (RLIN) | 46841 |
| 650 ## - SUBJECT ADDED ENTRY--TOPICAL TERM | |
| Topical term or geographic name entry element | Rough- fuzzy case generation |
| 9 (RLIN) | 46842 |
| 650 ## - SUBJECT ADDED ENTRY--TOPICAL TERM | |
| Topical term or geographic name entry element | Rough self-organizing map |
| 9 (RLIN) | 46843 |
| 700 ## - ADDED ENTRY--PERSONAL NAME | |
| Personal name | Mitra, Pabitra. |
| 9 (RLIN) | 46844 |
| 942 ## - ADDED ENTRY ELEMENTS (KOHA) | |
| Source of classification or shelving scheme | Dewey Decimal Classification |
| Koha item type | Book |
| Edition | 1st |
| Call number prefix | 005.762 PALS |
| Withdrawn status | Lost status | Source of classification or shelving scheme | Damaged status | Not for loan | Collection code | Home library | Current library | Source of acquisition | Cost, normal purchase price | Inventory number | Total Checkouts | Full call number | Barcode | Date last seen | Cost, replacement price | Price effective from | Koha item type |
|---|---|---|---|---|---|---|---|---|---|---|---|---|---|---|---|---|---|
| Dewey Decimal Classification | MCA | St Aloysius Institute of Management & Information Technology | St Aloysius Institute of Management & Information Technology | Current Books | 595.00 | Bill no:27; Bill dt:2010-04-30 | 005.762 PALS | MCA09743 | 05/23/2026 | 428.40 | 07/16/2021 | Book | |||||
| Dewey Decimal Classification | MCA | St Aloysius Institute of Management & Information Technology | St Aloysius Institute of Management & Information Technology | Current Books | 595.00 | Bill no:27; Bill dt:2010-04-30 | 005.762 PALS | MCA09744 | 05/23/2026 | 428.40 | 07/16/2021 | Book | |||||
| Dewey Decimal Classification | MCA | St Aloysius Institute of Management & Information Technology | St Aloysius Institute of Management & Information Technology | Athulya Books | 395.00 | Bill no:ABK 595; Bill dt:2011-10 | 005.762 PALS | MCA11439 | 05/23/2026 | 296.25 | 07/16/2021 | Book |